00705cam a2200217 a 450000100060000000300080000600500170001400800410003102000150007203500190008704000320010604100080013808200250014610000250017124500860019626000480028230000320033050400660036265000330042870000260046165900BD-RjUL20211209081459.0950613s1995 enka b 001 0 eng  a0471936405 a(BD-RjUL)66030 aDLCcDLCdDLCdBD-RjULbeng aeng00223a610.72bPAS 19951 aParmar, Mahesh K. B.10aSurvival analysis :ba practical approach /cMahesh K.B. Parmar and David Machin. aChichester ;aNew York :bJ. Wiley,cc1995. ax, 255 p. :bill. ;c25 cm. aIncludes bibliographical references (p. [233]-237) and index. 0aSurvival analysis (Biometry)1 aMachin, David,d1939-